| 000 | 00750cam a2200229 a 4500 | ||
|---|---|---|---|
| 001 | 737851 | ||
| 005 | 20180308091104.0 | ||
| 008 | 981217s1998 caua b 000 0 eng | ||
| 010 | _a 98232528 | ||
| 020 | _a0534357415 | ||
| 040 |
_aDLC _cDLC |
||
| 041 | _aeng | ||
| 080 | _a515.02855369 STE | ||
| 082 | 0 | 0 |
_a515.02855369 STE _221 |
| 100 | 1 | _a37 | |
| 101 | _aMAT | ||
| 245 | 1 | 0 |
_aCalcLabs with Mathematica : _cSelwyn Hollis. |
| 504 | _aIncludes bibliographical references (p. 258) and index. | ||
| 906 |
_a7 _bcbc _corignew _d2 _encip _f19 _gy-gencatlg |
||
| 942 |
_2ddc _cBK |
||
| 999 |
_c44511 _d44511 |
||